| 000 | 01441 a2200205 4500 | ||
|---|---|---|---|
| 008 | 131024b xxu||||| |||| 00| 0 eng d | ||
| 020 | _a9780801031779 | ||
| 020 | _a080103177X (pbk.) | ||
| 050 |
_aBS2331 _b.B56 2010 |
||
| 100 | _aBlomberg, Craig | ||
| 245 |
_aA handbook of New Testament exegesis _cCraig L. Blomberg with Jennifer Foutz Markley. |
||
| 260 |
_aGrand Rapids, Mich. : |b |c _bBaker Academic, _cc2010. |
||
| 300 |
_axx, 298 p. : _bill. ; _c23 cm. |
||
| 500 | _aIncludes bibliographical references (p. 277-283) and indexes. | ||
| 505 | _aTextual criticism -- Translation and translations -- Historical-cultural context -- Literary context -- Word studies -- Grammar -- Interpretive problems -- Outlining -- Theology -- Application -- Summary -- Appendix : checklist for doing biblical exegesis. | ||
| 520 | _aNew Testament scholar Craig Blomberg and his former research assistant Jennifer Foutz Markley offer both a broad overview of the exegetical process and a step-by-step approach to studying the New Testament in depth, helping readers understand the text and appropriate it responsibly. The book is full of illustrations of interesting or controversial New Testament texts where using the method under discussion truly makes a difference in how the texts are interpreted. --from publisher description | ||
| 630 |
_eBible. _tNew Testament _xHermeneutics. |
||
| 700 | _aMarkley, Jennifer Foutz. | ||
| 942 |
_cBK _2lcc |
||
| 999 |
_c42320 _d42320 |
||